| 000 | 00925nam a2200313Ia 4500 | ||
|---|---|---|---|
| 008 | 160803s9999 xx 000 0 und d | ||
| 020 | _a9780545447362 | ||
| 100 | _aSmith, Clete Barrett | ||
| 245 | _aAliens on vacation / | ||
| 245 | _cby Clete Barrett Smith ; illustrated by Christian Slade. | ||
| 260 | _aNew York : | ||
| 260 | _bScholastic Inc. | ||
| 260 | _c2011 | ||
| 300 | _a251 pages : | ||
| 300 | _billustrations ; | ||
| 300 | _c20 cm. | ||
| 500 | _aOriginally published: New York : Disney/Hyperion Books, ©2011. | ||
| 650 | _aBed and breakfast accommodations -- | ||
| 650 | _aExtraterrestrial beings -- | ||
| 650 | _aExtraterrestrial beings -- | ||
| 650 | _aGrandmothers -- | ||
| 650 | _aWashington (State) -- | ||
| 650 | _xFiction. | ||
| 650 | _xJuvenile fiction. | ||
| 650 | _xJuvenile fiction. | ||
| 650 | _xJuvenile fiction. | ||
| 650 | _xJuvenile fiction. | ||
| 700 | _a770 | ||
| 999 |
_c298681 _d298681 |
||